Advancing frontiers of ecological researches in India : prof. G.P. Mishra commemoration volume (Record no. 363736)

MARC details
000 -LEADER
fixed length control field 00781nam a2200229Ia 4500
008 - FIXED-LENGTH DATA ELEMENTS--GENERAL INFORMATION
fixed length control field 191130s2006##################000#0#eng##
020 ## - INTERNATIONAL STANDARD BOOK NUMBER
ISBN 9788121104906
082 ## - DEWEY DECIMAL CLASSIFICATION NUMBER
Classification number 577.0720954 KAN
245 ## - TITLE STATEMENT
Title Advancing frontiers of ecological researches in India : prof. G.P. Mishra commemoration volume
Statement of responsibility, etc editors, A.K. Kandya, Asha Gupta
260 ## - PUBLICATION, DISTRIBUTION, ETC. (IMPRINT)
Place of publication Dehra Dun
Name of publisher Bishen Singh Mahendra Pal Singh
Year of publication 2006
300 ## - PHYSICAL DESCRIPTION
Number of Pages xxix, 736 p., [1] leaf of plates : ill. (some col.), maps ; 25 cm
500 ## - GENERAL NOTE
General note Includes bibliographical references
650 ## - SUBJECT ADDED ENTRY--TOPICAL TERM
Topical Term Ecology - India
700 ## - ADDED ENTRY--PERSONAL NAME
Personal name Gupta, Asha
Personal name Kandya, A. K
Personal name Mishra, G. P
991 ## -
-- 256569
Holdings
Withdrawn status Lost status Damaged status Not for loan Home library Current library Shelving location Date acquired Full call number Accession Number Price effective from Koha item type
        Anna Centenary Library Anna Centenary Library 5TH FLOOR, A WING 17.10.2020 577.0720954 KAN 173536 17.10.2020 English Books

Find us on the map